Approximation theory /
Guardado en:
| Autor Corporativo: | |
|---|---|
| Otros Autores: | |
| Formato: | Libro |
| Idioma: | English |
| Publicado: |
Providence, R.I. :
American Mathematical Society,
c1986.
|
| Series: | Proceedings of symposia in applied mathematics ;
v. 36. Proceedings of symposia in applied mathematics. AMS short course lecture notes. |
| Materias: | |
| Etiquetas: |
Agregar Etiqueta
Sin Etiquetas, Sea el primero en etiquetar este registro!
|
| LEADER | 01465cam a2200277 a 4500 | ||
|---|---|---|---|
| 001 | MAT.inmabb005435 | ||
| 008 | 860418s1986####riu######b####101#0#eng## | ||
| 005 | 20171010173446.0 | ||
| 245 | 0 | 0 | |a Approximation theory / |c Carl de Boor, editor. |
| 260 | |a Providence, R.I. : |b American Mathematical Society, |c c1986. | ||
| 300 | |a xi, 131 p. ; |c 27 cm. | ||
| 490 | 1 | |a Proceedings of symposia in applied mathematics ; |v v. 36. |a AMS short course lecture notes | |
| 500 | |a "The result of the 1986 American Mathematical Society Short Course ... given at the annual meeting at New Orleans, on January 5-6, 1986"--Pref. | ||
| 504 | |a Incluye referencias bibliográficas e índice. | ||
| 505 | 0 | |a Ronald A. DeVore, Approximation of functions -- E. B. Saff, Polynomial and rational approximation in the complex domain -- A. Pinkus, Widths and optimal recovery -- E. W. Cheney, Algorithms for approximation -- Charles A. Micchelli, Algebraic aspects of interpolation -- Klaus Höllig, Multivariate splines --. | |
| 510 | 4 | |a MR, |c 87g:41001 | |
| 020 | |a 0821800981 (alk. paper) | ||
| 700 | 1 | |a De Boor, Carl. | |
| 710 | 2 | |a American Mathematical Society. | |
| 830 | 0 | |a Proceedings of symposia in applied mathematics ; |v v. 36. | |
| 830 | 0 | |a Proceedings of symposia in applied mathematics. |p AMS short course lecture notes. | |
| 650 | 0 | |a Approximation theory |x Congresses. | |
| 084 | |a 41-06 |2 MR | ||
| 010 | |a 86010846 | ||
| 040 | |a DLC |c DLC |d DLC | ||
| 859 | |k H |p PSAPM-36 |b BIB. MATEMATICA | ||
